Minecraft Items: Non-Renewable - Statistics

General Stats
  • This quiz has been taken 25 times
    12 since last reset
  • The average score is 44 of 128
Answer Stats
Answer % Correct
Dragon Egg
89%
Deepslate
78%
Diamond
78%
Elytra
67%
Block of Netherite
56%
Coal Ore
56%
Cobbled Deepslate
56%
Cobbled Deepslate Slab
56%
Cobbled Deepslate Stairs
56%
Deepslate Bricks
56%
Deepslate Tiles
56%
Diamond Ore
56%
Dragon Head
56%
Emerald Ore
56%
Iron Ore
56%
Netherite Chestplate
56%
Netherite Leggings
56%
Redstone Ore
56%
Armor Trim
44%
Block of Diamond
44%
Cobbled Deepslate Wall
44%
Deepslate Brick Slab
44%
Deepslate Brick Stairs
44%
Deepslate Brick Wall
44%
Deepslate Coal Ore
44%
Deepslate Diamond Ore
44%
Deepslate Emerald Ore
44%
Deepslate Gold Ore
44%
Deepslate Iron Ore
44%
Deepslate Redstone Ore
44%
Deepslate Tile Slab
44%
Deepslate Tile Stairs
44%
Deepslate Tile Wall
44%
Diamond Horse Armor
44%
Gold Ore
44%
Iron Horse Armor
44%
Jukebox
44%
Lapis Lazuli Ore
44%
Music Disc (Pigstep)
44%
Nether Gold Ore
44%
Netherite Axe
44%
Netherite Boots
44%
Netherite Helmet
44%
Netherite Hoe
44%
Netherite Ingot
44%
Netherite Pickaxe
44%
Netherite Scrap
44%
Netherite Shovel
44%
Netherite Sword
44%
Nether Quartz Ore
44%
Netherrack
44%
Polished Deepslate
44%
Polished Deepslate Stairs
44%
Pottery Sherd
44%
Ancient Debris
33%
Block of Raw Copper
33%
Block of Raw Iron
33%
Calcite
33%
Chiseled Deepslate
33%
Chiseled Tuff
33%
Conduit
33%
Copper Ore
33%
Cracked Deepslate Bricks
33%
Deepslate Copper Ore
33%
Deepslate Lapis Lazuli Ore
33%
Diamond Nautilus Armor
33%
Enchanted Golden Apple
33%
Gilded Blackstone
33%
Golden Horse Armor
33%
Heart of the Sea
33%
Heavy Core
33%
Iron Nautilus Armor
33%
Mace
33%
Music Disc (5)
33%
Music Disc (Otherside)
33%
Netherite Horse Armor
33%
Netherite Nautilus Armor
33%
Netherite Upgrade Smithing Template
33%
Polished Deepslate Slab
33%
Polished Deepslate Wall
33%
Raw Copper
33%
Raw Iron
33%
Swift Sneak Enchanted Book
33%
Tuff
33%
Tuff Bricks
33%
Tuff Brick Slab
33%
Tuff Brick Stairs
33%
Tuff Brick Wall
33%
Tuff Slab
33%
Tuff Stairs
33%
Tuff Wall
33%
Block of Raw Gold
22%
Chiseled Tuff Bricks
22%
Copper Horse Armor
22%
Copper Nautilus Armor
22%
Enchanting Table
22%
Golden Nautilus Armor
22%
Music Disc (Creator)
22%
Music Disc (Creator (Music Box))
22%
Music Disc (Relic)
22%
Netherite Spear
22%
Raw Gold
22%
Sponge
22%
Suspicious Gravel
22%
Suspicious Sand
22%
Thing Banner Pattern
22%
Wet Sponge
22%
Cracked Deepslate Tiles
11%
Dead Bush
11%
Diamond Spear
11%
Echo Shard
11%
Guster Banner Pattern
11%
Large Fern
11%
Music Disc (Precipice)
11%
Polished Tuff
11%
Polished Tuff Slab
11%
Polished Tuff Stairs
11%
Polished Tuff Wall
11%
Recovery Compass
11%
Spore Blossom
11%
Tall Grass
11%
Wind Burst Enchanted Book
11%
Crimson Nylium
0%
Decorated Pot
0%
Disc Fragment
0%
Flow Banner Pattern
0%
Snout Banner Pattern
0%
Warped Nylium
0%
No matching quizzes found
Score Distribution
Percent of People with Each Score
Percentile by Number Answered
Your Score History
You have not taken this quiz since the last reset